Guess the Song From One Lyric Line - Statistics

General Stats
  • This quiz has been taken 29 times
  • The average score is 6 of 15
Answer Stats
lyrics Answer % Correct
"Yesterday, all my troubles seemed so far away." Yesterday
81%
"Is this the real life? Is this just fantasy?" Bohemian Rhapsody
78%
"And you can tell everybody this is your song." Your Song
59%
"There's a fire starting in my heart, reaching a fever pitch." Rolling in the Deep
56%
"It’s been a long day without you, my friend." See You Again
44%
"The club isn't the best place to find a lover." Shape of You
44%
"Today, I don't feel like doing anything" The Lazy Song
44%
"You can find me in the club, bottle full of bub." In Da Club
37%
"Tell me something, girl, are you happy in this modern world?" Shallow
37%
"Baby, I'm dancing in the dark with you between my arms." Perfect
33%
"Dr. Dre's dead, he's locked in my basement!" The Real Slim Shady
33%
"They say 'Oh my god I see the way you shine'." Dance Monkey
30%
"Remember life, and then your life becomes a better one" 7 Years
22%
"They told him 'Don't you ever come around here'..." Beat It
19%
"And I think you should be somethin' I don't wanna hold back" Love Yourself
15%
No matching quizzes found
Score Distribution
Percent of People with Each Score
Percentile by Number Answered
Your Score History
You have not taken this quiz